000 00695cab a2200229 4500
001 X2363
008 090401t1995 xxu||||| |||| 00| 0 eng d
035 _a(Sirsi) u23647
041 _aeng
245 _aGeneral Council : paper on inadequate professional services discussed
260 _c1995
350 _a0
490 _aCSM (Chartered Surveyor Monthly)
_v4(7) May 1995, 60(1)
650 _aABOUT RICS-RELATED ORGANISATIONA-RICS BENEVOLENT FUND
650 _aGENERAL COUNCIL
650 _aMICHAEL PATTISON
650 _aPROFESSIONAL SERVICES
650 _aRICS ROYAL CHARTER
690 _aMANAGEMENT-BUSINESS MANAGEMENT-PROFESSIONAL PRACTICE
942 _n0
948 _c04/03/1997
999 _c15824
_d15824